000 01116cam a2200301 a 4500
001 13975248
003 CEME
005 20210628201552.0
008 050519s2005 maua b 001 0 eng
010 _a 2005049844
020 _a0120598760 (acidfree paper)
020 _a0120885840 (international students ed. : pbk. : acidfree paper)
040 _aDLC
_cDLC
_dDLC
050 0 0 _aQA37.3
_b.A74 2005
082 0 0 _a510
_222
100 1 _aArfken, George B. Weber, Hand J
_q(George Brown),
_d1922-
_955867
245 1 0 _aMathematical methods for physicists.
250 _a6th ed. /
_bGeorge B. Arfken, Hans J. Weber.
260 _aBoston :
_bElsevier,
_c2005.
300 _axii, 1182 p. :
_bill. ;
_c25 cm.
504 _aIncludes bibliographical references and index.
650 0 _aMathematics.
_92393
650 0 _aMathematical physics.
_98499
700 1 _aWeber, Hans-Jurgen.
_955868
856 4 2 _3Publisher description
_uhttp://www.loc.gov/catdir/enhancements/fy0625/2005049844-d.html
856 4 1 _3Table of contents only
_uhttp://www.loc.gov/catdir/enhancements/fy0625/2005049844-t.html
942 _2ddc
_cBK
999 _c566505
_d566505